000 00568pab a2200181 454500
008 180718b2008 xxu||||| |||| 00| 0 eng d
100 _aRyder, Nicholas
245 _aCredit union legislative frameworks in the United States of America and the United Kingdom - a flexible friend or a step towards the dark side?
260 _c2008
300 _ap.147-66.
362 _aJun
650 _aCredit union - Great Britain
650 _aCredit union - United States
650 _aCredit union
773 _aJournal of Consumer Policy
908 _aN
909 _a79304
999 _c79304
_d79304